000 01606nam a2200505 i 4500
001 19934
003 KOSZ 005
005 20191129162739.0
008 000114s1980 pl a f |001 0 pol
015 _aPB 1981/2434
020 _a8301022272
035 _a991012513239705066
035 _a(PL-WaBN)b13386335-48omnis_nlop
035 _ab13386335
035 _a(OCoLC)749183603
035 _a(PL)b0000001338633
035 _a(EXLNZ-48OMNIS_NETWORK)9910281673405606
040 _aWA N
_cWA N
_dKOSZ 005/EG
041 0 _apol
046 _k1965
080 _a537.8
080 _a(075.8)
100 1 _aSuffczyński, Maciej
_d(1926-2004)
_eAutor
245 1 0 _aElektrodynamika /
_cMaciej Suffczyński.
250 _aWyd. 4 popr.
260 _aWarszawa :
_bPańst. Wydaw. Naukowe,
_c1980.
300 _a457, [2] s. :
_bil., tab., wykr. ;
_c24 cm.
336 _2rdacontent
_aTekst
_btxt
337 _2rdamedia
_aBez urządzenia pośredniczacego
_bn
338 _2rdacarrier
_aWolumin
_bnc
380 _aKsiążki
380 _aPublikacje dydaktyczne
385 _mPoziom nauczania
_aSzkoły wyższe
388 _a1901-2000
388 _a1945-1989
504 _aBibliogr. przy rozdz. - Indeks.
650 7 _aElektrodynamika
_2DBN
655 7 _aPodręczniki akademickie
_2DBN
658 _aFizyka i astronomia
658 _aInżynieria i technika
710 2 _aPaństwowe Wydawnictwo Naukowe
856 _uhttp://koha.tu.koszalin.pl/cgi-bin/koha/opac-detail.pl?biblionumber=19934
_yKatalog online BPK
942 _2UKD
_cKS
999 _c19934
_d19934